Haltestellen der Südbahn (Österreich) - Statistiken

Allgemein
  • Dieses Quiz wurde 103 mal gespielt
  • Das Durchschnittsergebnis liegt bei 41 aus 68
Antworten auf der Karte
Die Antworten werden auf der Karte rot bzw. grün angezeigt, abhängig davon wie oft sie richtig erraten wurden.
 
Antwortstatistiken
Haltestelle % Korrekt
Wiener Neustadt Hauptbahnhof
96%
Graz Hauptbahnhof
93%
Bruck an der Mur
90%
Wien Meidling
90%
Baden bei Wien
87%
Wien Hauptbahnhof
87%
Kapfenberg
86%
Mödling
86%
Semmering
86%
Mürzzuschlag
81%
Wien Liesing
79%
Leibnitz
77%
Spielfeld-Straß
77%
Gloggnitz
76%
Neunkirchen NÖ
76%
Bad Vöslau
74%
Wien Matzleinsdorfer Platz
74%
Payerbach-Reichenau
70%
Felixdorf
67%
Ternitz
67%
Wien Atzgersdorf
66%
Wiener Neustadt Nord
66%
Leobersdorf
64%
Perchtoldsdorf
64%
Brunn-Maria Enzersdorf
63%
Gratwein-Gratkorn
63%
Graz Don Bosco
63%
Kindberg
63%
Wien Hetzendorf
63%
Feldkirchen-Seiersberg
61%
Frohnleiten
61%
Guntramsdorf-Thallern
61%
Spital am Semmering
60%
Peggau-Deutschfeistritz
57%
Flughafen Graz-Feldkirchen
56%
Mixnitz-Bärenschützklamm
56%
Wildon
56%
Breitenstein
54%
Klamm-Schottwien
54%
Langenwang
53%
Sollenau
51%
Theresienfeld
51%
Graz Puntigam
50%
Gumpoldskirchen
50%
Judendorf-Straßengel
50%
Küb
49%
Schlöglmühl
49%
St. Egyden
49%
Steinhaus
49%
St. Marein-St. Lorenzen
49%
Hönigsberg
47%
Pernegg
47%
Wolfsbergkogel
47%
Eichberg
46%
Kottingbrunn
46%
Kalsdorf bei Graz
44%
Kapfenberg Fachhochschule
43%
Werndorf
43%
Ehrenhausen
41%
Krieglach
41%
Lebring
40%
Wartberg im Mürztal
40%
Kaindorf an der Sulm
39%
Pfaffstätten
39%
Allerheiligen-Mürzhofen
37%
Pottschach
37%
Stübing
33%
Mitterdorf-Veitsch
27%
Keine übereinstimmenden Quizze gefunden
Verteilung der Resultate
Anzahl Personen mit jedem Resultat
Perzentil nach korrekt beantworteten Fragen
Ihre Resultats-Entwicklung
Sie haben dieses Quiz noch nicht gespielt